000 00690nam a2200289Ia 4500
005 20260324112744.0
008 008 260324s9999 xx 000 0 eng d
020 _a9781003537274
037 _aEBOOK
040 _aCRL
040 _beng
040 _cCRL
041 _2eng
041 _aeng
084 _qCRL
100 _aJan Marklund
_91144013
245 0 _aLead Like a Swede
245 0 _bNavigating New Terrain with Solution-Focused Leadership
260 _bTaylor and Francis
260 _c2024
365 _a
365 _b220
856 _uhttp://www.taylorfrancis.com/books/9781003537274
942 _cEBOOK
999 _c1733344
_d1733344